000 00740nam a22001937a 4500
999 _c58197
_d58197
003 Ge_BSU
005 20210910122952.0
008 210910s2021 ge ||||| |||| 00| 0 geo d
020 _a9789941269271
041 _ageo
080 _a821.521.1-1 ბ-25
100 _a ბარბაქაძე, დათო
_912443
245 _aდა ასე შემდეგ :
_bჰაიკუების შვიდი გვირგვინი /
_cდათო ბარბაქაძე.
250 _aმეორე გამოცემა
264 _aთბილისი :
_bუნივერსალი,
_c2021.
300 _a114 გვ.
_b20 სმ.
653 _aიაპონური პოეზია
942 _2udc
_cBK